| 000 | 00548nam a2200193 a 4500 | ||
|---|---|---|---|
| 005 | 20241121063752.0 | ||
| 008 | 991125s1986 mx 000 0 spa u | ||
| 020 | _a968444057X | ||
| 035 | _aUPN01000010655 | ||
| 049 | _aSEP | ||
| 050 | 4 |
_aQC20.8 _bR4.4 |
|
| 100 | 1 | _aRío, Fernando del | |
| 245 | 1 | 0 |
_aConceptos de la física / _cFernando del Río, Jorge Flores. |
| 260 |
_aMéxico : _bAlhambra Mexicana : _bSEP, _c1986. |
||
| 300 | _av. | ||
| 650 | 4 |
_aFísica _xEstudio y enseñanza _912270 |
|
| 700 | 1 |
_aFlores, Jorge, _ecoaut. |
|
| 905 | _aLibro | ||
| 999 |
_c10655 _d10655 |
||